00400nam a2200121Ia 4500008004100000100002200041245005400063245002000117260000900137300002900146440003000175650007300205171207s9999 xx 000 0 und d aBrabham, Daren C. aHow crowdfunding discourse threatens public arts  cDaren C Brabham c2017 apages 983-999, July 2017 aNew Media & Societyv19:7 aArts funding, critical discourse analysis, crowdfunding, public arts